书目信息 |
| 题名: |
挑战日本语口语
|
|
| 作者: | 赵平 , 李玲 主编 | |
| 分册: | (加强) | |
| 出版信息: | 合肥 中国科学技术大学出版社 2008.07 |
|
| 页数: | 212页 | |
| 开本: | 23cm | |
| 丛书名: | ||
| 单 册: | ||
| 中图分类: | H369.9 | |
| 科图分类: | ||
| 主题词: | 日语--ri yu--口语 | |
| 电子资源: | ||
| ISBN: | 978-7-312-02213-5 | |
| 000 | 00924nam0 2200265 450 | |
| 001 | 012009886619 | |
| 005 | 20090623150430.51 | |
| 010 | @a978-7-312-02213-5@dCNY28.00 (含光盘) | |
| 016 | @aCN-E16-08-0002-0@b光盘 | |
| 100 | @a20090623d2008 km y0chi0120 ea | |
| 101 | 0 | @achi@ajpn |
| 102 | @aCN@b340000 | |
| 105 | @ay z 000yy | |
| 106 | @ar | |
| 200 | 1 | @a挑战日本语口语@Atiao zhan ri ben yu kou yu@i(加强)@f赵平, 李玲主编@Fzhao ping,li ling zhu bian |
| 210 | @a合肥@c中国科学技术大学出版社@d2008.07 | |
| 215 | @a212页@d23cm@e光盘1片 | |
| 300 | @a日本国际交流基金会资助编写 | |
| 330 | @a本书以课文的形式提供了15个典型的日语对话场景,围绕课文对日语口语中的一些知识进行介绍,课后提供有基础表达练习和强化听说训练。 | |
| 606 | 0 | @a日语@Ari yu@x口语 |
| 690 | @aH369.9@v4 | |
| 701 | 0 | @a赵平@Azhao ping@4主编 |
| 701 | 0 | @a李玲@Ali ling@4主编 |
| 801 | 0 | @aCN@bQSSK@c20090623 |
| 905 | @b744274-76@dH369.9@eZ312@f3 | |
| 挑战日本语口语.(加强)/赵平, 李玲主编.-合肥:中国科学技术大学出版社,2008.07 |
| 212页;23cm+光盘1片 |
| 日本国际交流基金会资助编写 |
| ISBN 978-7-312-02213-5:CNY28.00 (含光盘) |
| 本书以课文的形式提供了15个典型的日语对话场景,围绕课文对日语口语中的一些知识进行介绍,课后提供有基础表达练习和强化听说训练。 |
| ● |
| 相关链接 |
|
|
|
正题名:挑战日本语口语
索取号:H369.9/Z312
 
预约/预借
| 序号 | 登录号 | 条形码 | 馆藏地/架位号 | 状态 | 备注 |
| 1 | 744274 | 207442748 | 语言库209/209语言库 135排1列4层/ [索取号:H369.9/Z312] | 在馆 | |
| 2 | 744275 | 207442757 | 语言库209/209语言库 135排1列4层/ [索取号:H369.9/Z312] | 在馆 | |
| 3 | 744276 | 207442766 | 语言库209/209语言库 135排1列4层/ [索取号:H369.9/Z312] | 在馆 |